| 000 | 00386nam a2200145Ia 4500 | ||
|---|---|---|---|
| 008 | 230312s9999||||xx |||||||||||||| ||und|| | ||
| 082 |
_a790.1 _bCHA-G |
||
| 100 | _aA. H. Chapman , MD | ||
| 245 | 0 | _aGames Children Play | |
| 260 |
_bG. P. Putnam's Sons _aNew York _c1971 |
||
| 300 | _a250 | ||
| 546 | _aEng. | ||
| 650 |
_aMass com _vHow games are learned and played |
||
| 942 | _cBK | ||
| 999 |
_c156 _d156 |
||